000 01125nam a2200253Ia 4500
001 263-NOC ad ce (1158)
003 IT-MiSPE
008 171229s9999||||xx |||||||||||||| ||und||
040 _aIT-MiSPE
_cIT-MiSPE
041 _aITALIANO
100 _aAdrien Nocent
240 _aCelebrer Jésus-Christ: Triduum pascal; Temps pascal
245 0 _aCelebrare Gesù Cristo: L'anno liturgico
_bIV. Tempo pasquale
250 _a1a ed. (v)
260 _aAssisi
_bCittadella
_c(st.) 1977
300 _a407 p. [7 v.]
_c17 cm
490 _v
500 _aLezionario festivo e feriale
501 _aEdizioni San Paolo srl - Piazza Soncino, 5 - 20092 CINISELLO BALSAMO (MI) (non commercial uses only) ® Copyright 2018
700 _aVirginia Pagani
_g(traduzione)
942 _cBK
957 _71
999 _a13039
_bNO
_g Copie: 1
_c344727
_d344727